Tầm thù

Shranjeno v:
Bibliografske podrobnosti
Glavni avtor: James, P. D.
Format: Knjiga
Jezik:Undetermined
Izdano: Hà Nội Phụ Nữ 2005
Teme:
Oznake: Označite
Brez oznak, prvi označite!
Thư viện lưu trữ: Trung tâm Học liệu Trường Đại học Cần Thơ
LEADER 00505nam a2200193Ia 4500
001 CTU_95750
008 210402s9999 xx 000 0 und d
020 |c 53000 
082 |a 820 
082 |b J27 
100 |a James, P. D. 
245 0 |a Tầm thù 
245 0 |c P. D. James; Văn Hoà, Kim Thuỳ dịch 
260 |a Hà Nội 
260 |b Phụ Nữ 
260 |c 2005 
650 |a English literature 
904 |i Tuyến 
980 |a Trung tâm Học liệu Trường Đại học Cần Thơ